000 004850000a22001810004500
003 LK-CoMWRAF
008 230817t ||||| |||| 00| 0 eng d
040 _aLK-CoMWRAF
_dLK-CoMWRAF
_eLK-CoMWRAF
041 _aeng
082 _a301.10
_bWOM
245 _aWomen and credit
_breport of a workshop held on 3rd April 1990
260 _aColombo
_bCENWOR
_c1990
300 _ap.47
490 _aDocumentation series No;18
650 _aWomen and credit
650 _awomen-SL
942 _cBK
999 _c2562
_d2562